00859nam a2200169Ia 4500008004100000020001800041050002300059100003000082245022500112260003500337300003400372500011000406505009800516650002500614650002500639700002500664120626s2010 sp a 000 0 spa d a978849801404404aNE850 bH8418 2010 aHughes, Annd´Arcyeautor10aLa impresión como arteb: técnicas tradicionales y contemporáneas. calcografía, relieve, litografía, serigrafía y monotipoc/ Ann, d´Arcy Hughes: Hebe, Vernon-Morris; traducción de Carlos Ossés Torrón aBarcelonab: Art Blumec, 2010 a416 paginasb: ilustraciones  aIncluye: Agradecimientos, Introducción, Bibliografía, Glosario, Indice, Créditos de las imágenes  aLa calcografía El relieve La litografía La serigrafía El monotipo Consulta 10aGRABADOS xTÉCNICA10aIMPRENTA xTÉCNICA aVernon-Morriseautor